Statistieken voor Landen met het Meest dichte Wegennetwerk

Klik hier om de quiz te nemen!

Algemene statistieken

  • Deze quiz is 810 keer genomen
  • De gemiddelde score is 9 van 20

Antwoordstatistieken

km / km2Land% Correct
3,34Nederland
95%
5,04België
92%
38,2Monaco
81%
4,79San Marino
74%
2,38Liechtenstein
66%
4,78Singapore
61%
3,21Japan
60%
10,8Malta
53%
2,16Cyprus
38%
5,39Bahrein
32%
2,15Slovenië
30%
3,28Grenada
29%
2,13Saint Vincent en de Grenadines
29%
2,65Antigua en Barbuda
27%
3,72Barbados
27%
2,01Dominica
27%
2,01Jamaica
26%
2,05Thailand
26%
2,27Hongarije
18%
11,2Marshalleilanden
15%

Scoreverdeling

Percentiel versus Aantal Correcte Antwoorden

Procent van Mensen met Elke Score

Uw Scoregeschiedenis

U heeft deze quiz nog niet genomen